00682nam a2200229Ia 4500003000400000005001700004008004100021020002200062040000700084041000800091082002200099100002500121245001700146260004000163300001600203365001300219650002400232906001900256942001200275999001900287952014600306OSt20230316112159.0210423s2015 xx 000 0 und d a978-81-7371-716-1 cAL aeng a574.87 223bCHAC aCHANNARAYAPPA975663 aCell biology aNew DelhibUniversities Pressc2015 axii,594bPB b975cINR aCell Biology975664 abiology ; Cell 2ddccBK c168537d168537 001040708BTaSACPGbSACPGd2017-06-30eIntact Bookhouseg975.00l4o574.87 CHACpPG015039r2025-08-30 09:03:19s2025-08-22w2021-04-26yBK